| 000 | 00378nam a2200145Ia 4500 | ||
|---|---|---|---|
| 008 | 200615s9999||||xx |||||||||||||| ||und|| | ||
| 020 | _a9788122425826 | ||
| 082 |
_a650 _bIND-S |
||
| 100 | _aSINGH,MONAJ KUMAR | ||
| 245 | 0 | _aINDUSTRIAL ECONOMICS AND PRINCIPLES AND MANAGEMENT | |
| 250 | _a1ST | ||
| 260 |
_anew delhi _bNEW AGE INTERNATIONAL _c2017 |
||
| 300 | _a0 | ||
| 942 | _cBK | ||
| 999 |
_c27235 _d27235 |
||